| 000 | 01267cam a22003497a 4500 | ||
|---|---|---|---|
| 003 | CHAP | ||
| 005 | 20220817043426.0 | ||
| 008 | 980318 1992 mx r 00010 spa d | ||
| 010 | _a75047 | ||
| 011 | _a76019 | ||
| 035 | _a85596 | ||
| 040 | _cCHAP | ||
| 090 | _aFolleto 14977 | ||
| 100 | 0 | 0 |
_aEsqueda Esquivel, Valentín Alberto. _938135 |
| 245 | 1 | 0 |
_aControl químico de la maleza en el cultivo de frijol en el centro de Veracruz _c/por Valentín A. Esqueda Esquivel y Ernesto López Salinas |
| 260 |
_aVeracruz, Ver. : _bINIFAP. Campo Experimental Cotaxtla, _c1992. |
||
| 300 | _aHoja desplegable | ||
| 410 | 2 | 1 |
_aINIFAP. Campo Experimental Cotaxtla _bDivisión Agrícola |
| 490 | 0 |
_aDesplegable _v; 1 |
|
| 590 |
_aBATCH-UPD _b10 _c20130110 _lUCH01 _h1605 |
||
| 590 |
_aBATCH-UPD _b10 _c20130410 _lUCH01 _h1001 |
||
| 590 |
_aBATCH-UPD _b10 _c20130914 _lUCH01 _h1220 |
||
| 590 |
_aCONVERSION _b10 _c20130109 _lUCH01 _h1341 |
||
| 650 | 1 | 4 |
_aFrijol _xMalas hierbas _xControl. _943402 |
| 650 | 1 | 4 |
_aFrijol _xVeracruz. _943452 |
| 810 | 0 | 0 |
_aINIFAP. Campo Experimental Cotaxtla _bDivisión Agrícola |
| 830 | 0 |
_aDesplegable _v; 1 _932177 |
|
| 901 | _aBK | ||
| 905 | _aAlejandra Carrasco M. | ||
| 942 | _cFOLL | ||
| 949 |
_aFolleto 14977 _bBC _cFOLL _d855961 _eTS1 _i85596 _sb |
||
| 999 |
_c75047 _d75047 |
||